LEADER 01369nam a2200265 i 4500 001 000000057427 003 CaOOAMICUS 005 20070125000000.0 008 971014s1997 be u000 u mul u 013 $a28599 020 $a90-6831-847-0 040 $aSeMil$bita 245 10$aPreaching, Second Century, Tertullian to Arnobius, Egypt before Nicaea /$cedited by Elizabeth A. Livingstone. 300 $aVIII, 568 p. 490 0 $aStudia patristica ;$v31 650 4$aPatrologia - Studi.$0(OLS)http://semarc/subject/1254 700 1 $aLivingstone, Elizabeth Anne.$0(OLS)http://semarc/name/7854 700 1 $aInternational Conference on Patristic Studies <12. ; 1995 ; Oxford>.$0(OLS)http://semarc/name/7859 773 0 $aInternational Conference on Patristic Studies <12. ; 1995 ; Oxford>$tPapers presented at the Twelfth International Conference on Patristic Studies held in Oxford 1995.$dLeuven : Peeters, 1997.$kStudia patristica $w()17142 830 0$aStudia patristica ;$v31.$0(OLS)http://semarc/title/22570 850 $aSeMil 852 $aSeMil$W1$xVenegono$y1$m2UA D 31$j228544$B23581$CSeMilBibl$Z2$F23583 $81 961 $aSottoscrizione: Peeters 996 $6020$a90-6831-847-0$9(OLS)http://semarc/number/32766 996 $6245$aPreaching, Second Century, Tertullian to Arnobius, Egypt before Nicaea$9(OLS)http://semarc/title/89376 LEADER 01306nam a2200253 i 4500 001 000000054266 003 CaOOAMICUS 005 20130906000000.0 008 130906s1965 it u000 u ita u 013 $a25438 040 $aSeMil$bita 100 1 $aSpisso, Mario .$0(OLS)http://semarc/name/26972 245 10$aProspettive Comunitarie ed Ecumeniche nella Teologia Sacramentaria di Max Thurian :$b(vice Priore di Taizč) /$cPontifcia Facoltą Teologica «S. Luigi» Posillipo ; Autore P. Mario Spisso S. V. D. 260 $aAgrigento :$b[s.n.],$c1965. 300 $a167 p., [1] p. di tav. ;$c25 cm. 500 $aAi pič del front : Dissertatio ad lauream. 600 14$aThurian, Max.$0(OLS)http://semarc/subject/9664 650 4$aSacramenti - Teologia cattolica.$0(OLS)http://semarc/subject/113 650 4$aTesi di laurea.$0(OLS)http://semarc/subject/1690 700 1 $aPontificia Facoltą Teologica «S. Luigi» Posillipo.$0(OLS)http://semarc/name/26973 850 $aSeMil 852 $aSeMil$W1$xVenegono$y1$m2I I 411$j20420$B20420$CSeMilBibl$Z2$F20422 $81 996 $6245$aProspettive Comunitarie ed Ecumeniche nella Teologia Sacramentaria di Max Thurian :$b(vice Priore di Taizč)$9(OLS)http://semarc/title/83956 996 $6260$aAgrigento :$b[s.n.]$9(OLS)http://semarc/publisher/41741